| 000 | 01635cam a22005054i 4500 | ||
|---|---|---|---|
| 003 | PE-LiUPU | ||
| 005 | 20250731170412.0 | ||
| 008 | 160915s r 000 0 spa d | ||
| 020 | _a8782781203147 | ||
| 035 | _a(Sirsi) a163518 | ||
| 082 | 1 |
_a174.957 _bB5 |
|
| 100 | 1 |
_aGamboa Bernal, Gilberto A., _eautor. |
|
| 245 |
_aBioética en la práctica : _bCasos comentados / _cGilberto A. Gamboa Bernal. |
||
| 264 |
_aColombia : _bLa Sabana, _c2013. |
||
| 300 |
_a276 páginas ; _c21 centímetros. |
||
| 336 |
_atext _2rdacontent |
||
| 337 |
_aunmediated _2rdamedia |
||
| 338 |
_avolume _2rdacarrier |
||
| 505 | 0 | _aConsentimiento informado -- Diagnóstico prenatal. Principio de doble efecto y totalidad -- Error médico -- Eugenesia y técnicas de reproducción asistida -- ¿Qué es la humanización en salud? -- La autonomía -- Eutanasia y cuidados paliativos -- Comités bioéticos -- Relación medico-paciente. | |
| 526 | _aSEG68 | ||
| 526 | _aSEG70 | ||
| 526 | _aSEG69 | ||
| 526 | _aSEG67 | ||
| 526 | _aSEG43 | ||
| 526 | _aP144 | ||
| 526 | _aP143 | ||
| 526 | _aP131 | ||
| 526 | _aP122 | ||
| 526 | _aP120 | ||
| 526 | _aP117 | ||
| 526 | _aP112 | ||
| 526 | _aP110 | ||
| 526 | _aP106 | ||
| 526 | _aP101 | ||
| 526 | _aP80 | ||
| 526 | _aP59 | ||
| 526 | _aP54 | ||
| 526 | _aP35 | ||
| 526 | _aP33 | ||
| 526 | _aP30 | ||
| 596 | _a1 | ||
| 942 |
_2ddc _cBOOK |
||
| 999 |
_a174.957 B5 _wDEWEY _c12393 _i70668 _d12393 _e2018-11-15 _f2021-11-3 _g5 _lCCODEBUL1 _mBUL _n2 _q1 _r0 _sY _tBOOK _u2016-9-15 _xSALUD _PP22 _0COMPRA _o.STAFF. Colección FSALUD |
||
| 980 |
_81 _gALBERTO SANCHEZ Responsable de Automatización |
||